• 首页
  • 本馆介绍
  • 公告通知
  • 最新文献
  • 馆藏检索
  • 电子资源
  • 读者导购
  • 参考咨询
  • 我的图书馆
  • 登录
  • 详细信息显示
  • 放入我的书架
  • 预约/预借图书
  • 作者相关作品
  • 分类相关作品
  • 丛书相关作品
  • 出版社相关作品

书目信息

  • 表格格式
  • 工作单格式
  • 卡片格式
题名:
常用电信测试仪表的使用与维护
    
 
作者:
分册: 第五辑  
出版信息: 北京   人民邮电出版社  1977
页数: 148页
开本: 19cm
丛书名:
单 册:
中图分类: TN806 , TM930.4
科图分类:
主题词: 电信设备-测试装置--维修 , 测试装置-电信设备--维修 , 电信设备-测试装置--使用 , 测试装置-电信设备--使用 , 电气测量 , 电工仪表
电子资源:
ISBN:
000 00855nam0 2200301 45
001 0177003072
005 20061122143009.84
010    @dCNY0.75
091    @a15045.总2188-有572
100    @a19951018d1977 em y0chiy0121 ea
101 0  @achi
102    @aCN@b110000
105    @ay z 000yy
106    @ar
200 10 @a常用电信测试仪表的使用与维护@Achang yong dian xin ce shi yi biao de shi yong yu wei hu@h第五辑
210    @a北京@c人民邮电出版社@d1977
215    @a148页@d19cm
606    @a电信设备-测试装置@x维修
606    @a测试装置-电信设备@x维修
606    @a电信设备-测试装置@x使用
606    @a测试装置-电信设备@x使用
606 0  @a电气测量
606 0  @a电工仪表
690    @aTN806@v3 
690    @aTM930.4
801  0 @aCN@b广东省中山图书馆@c20061122
801  2 @aCN@bNLC@c20040521
905    @f4@b140358-361@dTM930.4@e39:5
    
    常用电信测试仪表的使用与维护.第五辑.-北京:人民邮电出版社,1977
    148页;19cm
    
    
    ISBN :CNY0.75
    
●
相关链接 在E读中查询图书 在五车中查询图书 在当当中查询图书 在豆瓣中查询图书


正题名:常用电信测试仪表的使用与维护     索取号:TM930.4/39:5         预约/预借

序号 登录号 条形码 馆藏地/架位号 状态 备注
1 0140358   001347723   第三借阅区/ [索取号:TM930.4/39:5] 在馆    
2 0140359   001347803   密集书库/ [索取号:TM930.4/39:5] 在馆    
3 0140360   001347689   密集书库/ [索取号:TM930.4/39:5] 在馆    
4 0140361   001347643   密集书库/ [索取号:TM930.4/39:5] 在馆    
5 0140362   001347769   第二样本阅览室/ [索取号:TM930.4/39:5] 在馆    
唐山师范学院图书馆 欢迎您!
大连网信软件有限公司© 版权所有